000 00713nam a2200193 a 4500
008 951214s1985||||[C 0 slo c
020 _c29 Kčs.
_q(10000 výtl.)
040 _aSNK
_bslo
_cSNK
_eAACR2
041 1 _aslo
_hslo
044 _axo
_cSK
080 _a885.4-3
100 1 _aLenčo, Ján
_4aut
245 1 0 _aŽena medzi kráľmi
_cJán Lenčo ; Katarína Ševellová-Šuteková, Katarína pozri Ševelová-Šuteková Šuteková-Ševellová
260 _aBratislava
_bSlovenský spisovateľ
_c1985
_eMartin
_fTlačiarne SNP
500 _aRozlož. tit. list.
700 1 _aŠevellová-Šuteková, Katarína
_4bkd
700 1 _aŠuteková-Ševellová, Katarína pozri Ševelová-Šuteková
_4bkd
958 _aA
999 _c12118
_d12118